| 000 | 00537nam a2200193Ia 4500 | ||
|---|---|---|---|
| 003 | GCL | ||
| 008 | 140319s9999 xx 000 0 eng d | ||
| 040 |
_aGCL / _cGCL |
||
| 082 | 0 | 4 |
_a539.7 _bY U |
| 100 | 1 | _aYOUNG, HUGH D. | |
| 245 | 1 | 0 |
_aUNIVERSITY PHYSICS: EXTENDED VERSION WITH MODERN PHYSICS / _cYOUNG, HUGH D. |
| 260 |
_a[S.N] : _bADDISON - WESLEY PUBLISHING COMPANY ، _c1991 |
||
| 300 | _a1356 P | ||
| 650 | 0 | 4 | _aNUCLEAR PHYSICS |
| 650 | 0 | 4 | _aPHYSICS |
| 650 | 0 | 4 | _aCOSMOLOGY |
| 650 | 0 | 4 | _aQUANTUM MECHANICS |
| 942 |
_2ddc _cBK |
||
| 999 |
_c19753 _d19753 |
||